[Event "Espacio ENDESA ITTGM"]
[Site "Santiago CHI"]
[Date "2009.11.21"]
[Round "8"]
[White "Felgaer,R"]
[Black "Alonso,S"]
[Result "1/2-1/2"]
[WhiteElo "2573"]
[BlackElo "2506"]

1.e4 c5 2.Nf3 e6 3.d4 cxd4 4.Nxd4 Nc6 5.Nc3 d6 6.Be3 Nf6 7.f3 Be7 8.Qd2 O-O
9.g4 a6 10.O-O-O Nxd4 11.Bxd4 b5 12.g5 Nd7 13.h4 Qa5 14.Kb1 b4 15.Ne2 Ne5
16.Qe3 Nc4 17.Qb3 Qc7 18.Nf4 Ne5 19.Nh5 Bb7 20.Qe3 Rfc8 21.Rd2 Bf8 22.b3 a5
23.f4 Nd7 24.Rg1 e5 25.Nf6+ Nxf6 26.gxf6 g6 27.Bb2 Bh6 28.Rg4 exf4 29.Qf3 Re8
30.Rd4  1/2-1/2

[Event "IV Open"]
[Site "Palma ESP"]
[Date "2009.11.22"]
[Round "2"]
[White "Durandeau,J"]
[Black "Genute,G"]
[Result "1-0"]
[WhiteElo "2049"]
[BlackElo "1631"]

1.e4 c5 2.Nf3 e6 3.d4 cxd4 4.Nxd4 Nc6 5.Nc3 a6 6.Nxc6 bxc6 7.e5 Bb4 8.Bd2 Ne7
9.Ne4 Bxd2+ 10.Qxd2 Nf5 11.g4 Nh4 12.Nd6+ Kf8 13.O-O-O Ng6 14.Be2 Nxe5 15.Nxc8 Qxc8
16.Qd6+ Ke8 17.Qxe5 f6 18.Qd6 Ra7 19.Bc4 Kf7 20.f4 Re8 21.Rhe1 g6 22.f5 g5
23.Rd3 Kg7 24.fxe6 dxe6 25.Rxe6 Rxe6 26.Qxe6 Qxe6 27.Bxe6 c5 28.Rd7+ Rxd7
29.Bxd7 Kf7 30.Kd2 Ke7 31.Bf5 h6 32.Kd3 Kd6 33.Kc4 Kc6 34.c3 a5 35.a3 a4
36.Bc2 Kd6 37.Bxa4 Ke5 38.Kxc5 f5 39.gxf5 Kxf5 40.Bd7+ Kf4 41.h3 h5 42.a4 g4
43.hxg4 hxg4 44.a5 g3 45.Bc6  1-0

[Event "IV Open"]
[Site "Palma ESP"]
[Date "2009.11.22"]
[Round "3"]
[White "Carlsson,P"]
[Black "Kovalyov,A"]
[Result "0-1"]
[WhiteElo "2480"]
[BlackElo "2601"]

1.e4 c5 2.Nf3 e6 3.d4 cxd4 4.Nxd4 Nc6 5.Nc3 a6 6.Nxc6 bxc6 7.Bd3 Qc7 8.O-O Nf6
9.Qe2 Bd6 10.f4 e5 11.Kh1 Bb7 12.Bd2 h5 13.Rae1 h4 14.f5 Nh5 15.Na4 Be7 16.c4 c5
17.Nc3 Qd8 18.Qg4 Rb8 19.Rd1 Nf6 20.Qe2 Nh5 21.Qg4 Nf6 22.Qe2 Nh5 23.Be3 d6
24.Bc2 Qc7 25.Qd2 Nf6 26.Rf3 Bc6 27.Bg5  0-1

[Event "IV Open"]
[Site "Palma ESP"]
[Date "2009.11.24"]
[Round "5"]
[White "Cabrera,Ale"]
[Black "Kovalyov,A"]
[Result "0-1"]
[WhiteElo "2528"]
[BlackElo "2601"]

1.e4 c5 2.Nf3 e6 3.d4 cxd4 4.Nxd4 Nc6 5.Nc3 a6 6.Nxc6 bxc6 7.Bd3 Qc7 8.O-O Nf6
9.Qf3 Bb7 10.Re1 Bd6 11.h3 Be5 12.Bd2 c5 13.Qe3 O-O 14.Qg5 h6 15.Qh4 c4 16.Bf1 d5
17.exd5 exd5 18.Be3 Kh7 19.Rad1 Rfe8 20.Kh1 Qc6 21.f4 Bxc3 22.bxc3 Ne4 23.Bd4 Qg6
24.Re3 Bc6 25.Be2 Qe6 26.Rf1 Qe7 27.Qh5 g6 28.Qf3 f5 29.Rg1 Qh4 30.Kh2 Nd2
31.Qg3 Qxg3+ 32.Kxg3 Rxe3+ 33.Bxe3 Re8 34.Bxd2 Rxe2 35.Rd1 d4 36.cxd4 Rxg2+
37.Kh4 Bf3 38.Rf1 Be4 39.Be3 Re2 40.Bc1 Rxc2 41.d5 Rc3 42.Re1 Rd3 43.Re3 Rxd5
44.Rc3 Bd3 45.Ra3 Rd6 46.Bb2 Re6 47.Ra5 Re7 48.Bc3 Re8 49.Bf6 c3 50.Rc5 c2
51.Rc3 g5+ 52.fxg5 f4 53.gxh6 Kxh6 54.Rc6 f3 55.Bd4+ Kh7 56.Rc7+ Kg6 57.Rc6+ Kf5
58.Rc5+ Ke4 59.Ba1 f2 60.Re5+ Kf4  0-1

[Event "69th ch-ITA"]
[Site "Sarre ITA"]
[Date "2009.11.24"]
[Round "2"]
[White "Valsecchi,A"]
[Black "Bruno,Fabi"]
[Result "1/2-1/2"]
[WhiteElo "2336"]
[BlackElo "2460"]

1.e4 c5 2.Nf3 e6 3.d4 cxd4 4.Nxd4 Nc6 5.Nc3 Qc7 6.g3 a6 7.Bg2 Nf6 8.O-O Nxd4
9.Qxd4 Bc5 10.Bf4 Bxd4 11.Bxc7 d5 12.Rad1 Bxc3 13.bxc3 b5 14.exd5 Nxd5 15.Rxd5 exd5
16.Bxd5 Be6 17.Bxa8 Kd7 18.Be5 Rxa8 19.a3 f6 20.Bd4 Bf5 21.Rd1 Kc6 22.Re1 Kd6
23.Rd1 Ke6 24.Bc5 Bxc2 25.Rd6+ Kf5 26.f3 h5 27.Kf2 Bb3 28.h3 a5 29.g4+ hxg4
30.hxg4+ Kg6 31.Bd4 Rc8 32.f4 Re8 33.Rd7 Bc4 34.Kg3 a4 35.f5+ Kh6 36.Kf4 Be2
37.g5+ fxg5+ 38.Kg3 Rg8 39.Rd6+ Kh5 40.Be3 Re8 41.Bd4 Bc4 42.Bxg7 Re3+ 43.Kf2 Re4
44.Kf3 Rf4+ 45.Kg3 Rg4+ 46.Kf3  1/2-1/2

[Event "World Cup"]
[Site "Khanty-Mansiysk RUS"]
[Date "2009.11.25"]
[Round "2.2"]
[White "Kamsky,G"]
[Black "Zhou Weiqi"]
[Result "1/2-1/2"]
[WhiteElo "2695"]
[BlackElo "2603"]

1.e4 c5 2.Nf3 e6 3.d4 cxd4 4.Nxd4 Nc6 5.Nc3 d6 6.Be2 Nf6 7.O-O Be7 8.Be3 O-O
9.Kh1 e5 10.Nxc6 bxc6 11.f4 exf4 12.Bxf4 Be6 13.Bf3 Qb8 14.b3 a5 15.Ne2 c5
16.a4 Ra6 17.Nc3 c4 18.Nb5 Nd7 19.Bg4 Qc8 20.Bxe6 fxe6 21.Qe2 e5 22.Be3 Nf6
23.Bg5 cxb3 24.cxb3 Rc6 25.Bxf6 Rxf6 26.Na7 Qa6 27.Qb5 Rxf1+ 28.Rxf1 Qxb5
29.axb5 Rb6 30.Nc8 Rb7 31.Rc1 Bg5 32.Rc6 Rxb5 33.Nxd6 Rb8 34.Rc8+ Rxc8 35.Nxc8 Kf7  1/2-1/2

[Event "UTD Invitational B"]
[Site "Dallas USA"]
[Date "2009.11.28"]
[Round "8"]
[White "Vazirova,K"]
[Black "Hughes,T"]
[Result "0-1"]
[WhiteElo "2187"]
[BlackElo "2281"]

1.e4 c5 2.Nf3 e6 3.d4 cxd4 4.Nxd4 Nc6 5.Nc3 Qc7 6.Be3 a6 7.f4 b5 8.Nxc6 Qxc6
9.Bd3 Bb7 10.Ne2 Nf6 11.Ng3 h5 12.h4 Ng4 13.Bd4 Bc5 14.Bxc5 Qxc5 15.Qe2 Rc8
16.Rf1 Qd4 17.O-O-O Qe3+ 18.Qd2 Qxg3 19.Bxb5 O-O 20.Bxd7 Bxe4 21.Bxc8 Rxc8
22.c3 Ne3 23.Rfe1 Nxd1 24.Rxe4 Nf2 25.Re3 Qxf4 26.g3 Qf6 27.Re2 Ng4 28.Qd3 Rd8
29.Qe4 Nf2 30.Qe3 Nd3+ 31.Kc2 Qf1 32.a3 Nc5 33.Rd2 Qf5+ 34.Kd1 Qg4+ 35.Kc2 Qa4+
36.Kb1 Rxd2 37.Qxd2 Qe4+ 38.Ka2 Qd5+ 39.Qxd5 exd5 40.b4 Ne4 41.Kb3 Nd6 42.a4 Kf8
43.Kc2 Ke7 44.Kd3 Kd7  0-1

[Event "LXXV ch-BRA"]
[Site "Americana BRA"]
[Date "2009.12.02"]
[Round "1"]
[White "Milos,G"]
[Black "Fier,A"]
[Result "1/2-1/2"]
[WhiteElo "2603"]
[BlackElo "2653"]

1.e4 c5 2.Nf3 e6 3.d4 cxd4 4.Nxd4 Nc6 5.Nc3 Qc7 6.Be2 a6 7.O-O Nf6 8.Kh1 Be7
9.f4 d6 10.Be3 O-O 11.a4 Re8 12.Bf3 Bd7 13.Nb3 b6 14.g4 Bc8 15.g5 Nd7 16.Bg2 Bb7
17.Rf3 g6 18.Rh3 Nb4 19.Qd2 Bf8 20.Qf2 Bg7 21.Rf1 Re7 22.Bd4 e5 23.fxe5 Bxe5
24.Bxe5 dxe5 25.Rf3 Rf8 26.Bh3 Bc6 27.Bg4 Qb7 28.Qe2 Kg7 29.Kg1 b5 30.axb5 axb5
31.Qd2 Qa7+ 32.Kg2 Nc5 33.Qd6 Nxe4 34.Nxe4 Bxe4 35.Qxb4 Bxf3+ 36.Bxf3 Rc8
37.c3 h6 38.Ra1 Qc7 39.gxh6+ Kxh6 40.Qh4+ Kg7 41.Ra6 e4 42.Bxe4 Qe5 43.Bf3 Rh8
44.Qg3 Qe3 45.Rd6 b4 46.Rd2 bxc3 47.Re2 Qxe2+ 48.Bxe2 Rxe2+ 49.Kf1 cxb2 50.Qc3+ Kg8
51.Qc8+ Kg7 52.Qc3+ Kg8  1/2-1/2

[Event "ch-RSA"]
[Site "Cape Town RSA"]
[Date "2009.12.02"]
[Round "7"]
[White "Van den Heever,D"]
[Black "Cawdery,D"]
[Result "1-0"]
[WhiteElo "2266"]
[BlackElo "2281"]

1.e4 c5 2.Nf3 e6 3.d4 cxd4 4.Nxd4 Nc6 5.Nc3 a6 6.Be2 Qc7 7.O-O Nf6 8.Be3 Bb4
9.Na4 Be7 10.Nxc6 bxc6 11.Nb6 Rb8 12.Nxc8 Qxc8 13.Bd4 c5 14.Be5 Rb6 15.b3 O-O
16.Bd3 d6 17.Bb2 Nd7 18.f4 e5 19.f5 Bg5 20.Qe2 Nf6 21.a4 Re8 22.a5 Rc6 23.Bc4 Re7
24.Rad1 d5 25.Bxd5 Nxd5 26.Rxd5 c4 27.b4 c3 28.Bc1 Bxc1 29.Rxc1 Rb7 30.Rcd1  1-0

[Event "1st ACP Women World Rapid Cup"]
[Site "Konya TUR"]
[Date "2009.12.02"]
[Round "6"]
[White "Kosteniuk,A"]
[Black "Cramling,P"]
[Result "1-0"]
[WhiteElo "2517"]
[BlackElo "2525"]

1.e4 c5 2.Nf3 e6 3.d4 cxd4 4.Nxd4 Nc6 5.Nc3 Qc7 6.Be2 a6 7.O-O Nf6 8.Be3 Be7
9.f4 d6 10.a4 O-O 11.Kh1 Bd7 12.Nb3 b6 13.Bf3 Bc8 14.Qe2 Bb7 15.Rad1 Rac8
16.Qf2 Nd7 17.Rfe1 Rfe8 18.Re2 Ba8 19.Red2 Rb8 20.Qg3 Na5 21.Nxa5 bxa5 22.Ne2 Nf6
23.Bd4 Rb4 24.e5 dxe5 25.Bxe5 Qc8 26.Bc3 Rc4 27.Bxa8 Qxa8 28.b3 Rcc8 29.Be5 g6
30.Qf3 Qxf3 31.gxf3 Nd5 32.c4 Ne3 33.Re1 Nf5 34.Bc3 Rb8 35.Rb1 Rec8 36.Rdd1 Bb4
37.Be5 Rb7 38.Rd3 Be7 39.Rbd1 f6 40.Bb2 Kf7 41.Nc1 Rc6 42.Bc3 Bd6 43.Bxa5 Bxf4
44.Ne2 Bd6 45.Nd4 Nxd4 46.Rxd4 Ke7 47.Bd8+ Kxd8 48.Rxd6+ Rxd6 49.Rxd6+ Ke7
50.Rd3 a5 51.Kg2 e5 52.Kf2 Ke6 53.Ke2 f5 54.Kd2 e4 55.fxe4 fxe4 56.Rc3 Ke5
57.Ke3 Rf7 58.c5 Kd5 59.Rc1 Rf3+ 60.Ke2 Kc6 61.b4 axb4 62.Rc4 b3 63.Rxe4 Rh3
64.Rb4 Kxc5 65.Rb8 Kd5  1-0

[Event "Open"]
[Site "Figueira da Foz POR"]
[Date "2009.12.03"]
[Round "6"]
[White "Costa,JoaoG"]
[Black "Beltran Ortiz,E"]
[Result "1/2-1/2"]
[WhiteElo "2222"]
[BlackElo "1901"]

1.e4 c5 2.Nf3 e6 3.d4 cxd4 4.Nxd4 Nc6 5.Nc3 Qc7 6.Be3 a6 7.Qd2 b5 8.Be2 Bb7
9.O-O Nxd4 10.Bxd4 b4 11.Na4 Bxe4 12.Nb6 Rb8 13.Nc4 f6 14.Rad1 d5 15.Rfe1 dxc4
16.Bg4 Bd5 17.Bb6 Rxb6 18.Qxd5 e5 19.Bd7+ Ke7 20.Qa8 Rb8 21.Qxa6 Rb6 22.Qa8 Rb8
23.Qa6 Rb6 24.Qa8  1/2-1/2

[Event "2nd Dragon Capital"]
[Site "Ho Chi Minh City VIE"]
[Date "2009.12.03"]
[Round "1"]
[White "Mas,H"]
[Black "Vo Dai Hoai Duc"]
[Result "1-0"]
[WhiteElo "2391"]
[BlackElo "2175"]

1.e4 c5 2.Nf3 e6 3.d4 cxd4 4.Nxd4 Nc6 5.Nc3 Qc7 6.g3 d6 7.Bg2 Bd7 8.O-O Be7
9.Ndb5 Qb8 10.a4 h5 11.h3 a6 12.Nd4 Qc7 13.Nb3 Na5 14.Nd4 Nf6 15.Re1 Qc5
16.Qd3 Rc8 17.Nde2 Qc4 18.Qd2 Qc7 19.b3 O-O 20.Ba3 Bc6 21.Nd4 Be8 22.Re3 Nc6
23.Nde2 Rd8 24.Nf4 Ne5 25.Nd3 Ng6 26.Re2 Rc8 27.Bb2 b6 28.f4 Bc6 29.Rf1 Rfe8
30.Kh1 d5 31.exd5 Nxd5 32.Nxd5 Bxd5 33.Bxd5 exd5 34.f5 Nf8 35.Nf4 Bg5 36.Rg2 Nd7
37.Qxd5 Bf6 38.Bxf6 Nxf6 39.Qf3 Qc6 40.Nxh5 Nxh5 41.Qxh5 Re3 42.Kh2 Rce8
43.Rf4 Re1 44.Rh4 f6 45.Qh7+ Kf8 46.Rc4 Qd6 47.Rg4 Ke7 48.Rxg7+ Kd8 49.Ra7 Qc6
50.Qb7  1-0

[Event "LXXV ch-BRA"]
[Site "Americana BRA"]
[Date "2009.12.05"]
[Round "5"]
[White "Bittencourt,J"]
[Black "Leitao,R"]
[Result "1/2-1/2"]
[WhiteElo "2454"]
[BlackElo "2621"]

1.e4 c5 2.Nf3 e6 3.d4 cxd4 4.Nxd4 Nc6 5.Nc3 a6 6.g3 d6 7.Bg2 Bd7 8.O-O Nf6
9.a4 Be7 10.Nxc6 Bxc6 11.a5 O-O 12.Be3 Nd7 13.Na4 f5 14.Nb6 Nxb6 15.Bxb6 Qd7
16.Qe2 fxe4 17.Bxe4 Bxe4 18.Qxe4 Bf6 19.c3 d5 20.Rad1 Qc6 21.Qe2 Bd8 22.Bxd8 Raxd8
23.Rd3 Rfe8 24.Re3 Qb5 25.Re1 Qxe2 26.R1xe2 Kf7 27.f4 g6 28.g4 d4 29.cxd4 Rxd4
30.Re4 Rd5 31.b4 h5 32.h3 Rb5 33.Kf2 hxg4 34.hxg4 b6 35.axb6 Rxb6 36.f5  1/2-1/2

[Event "Open"]
[Site "Figueira da Foz POR"]
[Date "2009.12.05"]
[Round "8"]
[White "Galvao,H"]
[Black "Ferreira,Jor1"]
[Result "0-1"]
[WhiteElo "2195"]
[BlackElo "2202"]

1.e4 c5 2.d4 cxd4 3.Nf3 Nc6 4.Nxd4 e6 5.Nc3 d6 6.Be3 Nf6 7.Bc4 Na5 8.Bd3 Be7
9.Qe2 O-O 10.O-O-O e5 11.Nf5 Bxf5 12.exf5 d5 13.g4 d4 14.g5 dxc3 15.gxf6 Bxf6
16.Rhg1 Qe7 17.Bh6 Kh8 18.Be3 Qb4 19.bxc3 Qa3+ 20.Kb1 e4 21.Bd4 Bxd4 22.cxd4 exd3
23.Rxd3 Qb4+ 24.Kc1 Rae8 25.Qd1 Nc4 26.Rb3 Qa5  0-1

[Event "Frauenbundesliga 2009-10"]
[Site "Germany GER"]
[Date "2009.12.05"]
[Round "3"]
[White "Ohme,M"]
[Black "Berend,E"]
[Result "1/2-1/2"]
[WhiteElo "2310"]
[BlackElo "2299"]

1.e4 c5 2.Nf3 e6 3.d4 cxd4 4.Nxd4 Nc6 5.Nc3 d6 6.Be2 Nf6 7.O-O Be7 8.Be3 O-O
9.f4 e5 10.Nb3 exf4 11.Bxf4 Be6 12.Kh1 d5 13.e5 Nd7 14.Nxd5 Ndxe5 15.Nxe7+ Qxe7
16.c3 Rad8 17.Qc2 Ng6 18.Bg3 Qg5 19.Rad1 Bg4 20.Bxg4 Qxg4 21.Nc5 b6 22.Rxd8 Rxd8
23.Nb7 Rd7 24.Nd6 Nce5 25.Nf5 Qc4 26.Re1 f6 27.h4 h5 28.Rd1 Qxa2 29.Rxd7 Nxd7
30.Qd1 Nde5 31.Qxh5 Qxb2 32.Bxe5 Nxe5 33.Qe8+ Kh7 34.Qh5+ Kg8 35.Qe8+ Kh7
36.Qh5+  1/2-1/2

[Event "Frauenbundesliga 2009-10"]
[Site "Germany GER"]
[Date "2009.12.05"]
[Round "3"]
[White "Chlost,M"]
[Black "Ovod,E"]
[Result "0-1"]
[WhiteElo "2171"]
[BlackElo "2415"]

1.e4 c5 2.Nf3 e6 3.d4 cxd4 4.Nxd4 Nc6 5.Nc3 Qc7 6.Be2 a6 7.O-O Nf6 8.Bg5 Be7
9.Qd2 b5 10.a3 Bb7 11.Rfe1 O-O 12.Nxc6 dxc6 13.e5 Rfd8 14.Qe3 Nd5 15.Nxd5 exd5
16.Bd3 Re8 17.Bxe7 Rxe7 18.Qh3 g6 19.f4 Rae8 20.Rf1 c5 21.Qh6 c4 22.Bf5 d4
23.Bh3 d3 24.cxd3 cxd3 25.Rad1 Rd8 26.Kh1 Qc6 27.f5 gxf5 28.Qg5+ Kf8 29.Rxf5 Qg6
30.Qf4 h6 31.Bg4 Bc8 32.h4 Bxf5 33.Bxf5 Qh5 34.Rd2 Rd5 35.g4 Qxh4+ 36.Rh2 Qe1+
37.Kg2 Qxe5 38.Qxh6+ Qg7 39.Qc6 Re2+ 40.Kf3 Rxh2 41.Qxd5 Qf6 42.Kg3 Rxb2
43.Qxd3 Qb6 44.Qc3 Qf2+  0-1

[Event "Frauenbundesliga 2009-10"]
[Site "Germany GER"]
[Date "2009.12.05"]
[Round "3"]
[White "Rudolf,An"]
[Black "Melamed,T"]
[Result "0-1"]
[WhiteElo "2287"]
[BlackElo "2312"]

1.e4 c5 2.Nf3 e6 3.d4 cxd4 4.Nxd4 Nc6 5.Nc3 Qc7 6.g3 a6 7.Bg2 d6 8.O-O Bd7
9.Nb3 Nf6 10.a4 Be7 11.a5 Ne5 12.f4 Nc4 13.Qe2 e5 14.f5 Rc8 15.Rf3 h6 16.h3 Bb5
17.Nxb5 axb5 18.Rd3 O-O 19.g4 d5 20.exd5 e4 21.Rd1 Qe5 22.c3 Bd6 23.Nd4 Qh2+
24.Kf1 Nxd5 25.Qxe4 Nf6 26.Qd3 Rfe8 27.Nf3 Qg3 28.b3 Bc5 29.Ra2 Ne3+ 30.Bxe3 Rxe3
31.Qxb5 Rxf3+ 32.Bxf3 Qxf3+ 33.Ke1 Qxc3+ 34.Kf1 Qxh3+ 35.Ke1 Qe3+ 36.Re2 Qg1+  0-1

[Event "ch-IND National A"]
[Site "Mumbai IND"]
[Date "2009.12.05"]
[Round "5"]
[White "Ramnath,B"]
[Black "Kunte,A"]
[Result "0-1"]
[WhiteElo "2372"]
[BlackElo "2522"]

1.e4 c5 2.Nf3 e6 3.d4 cxd4 4.Nxd4 Nc6 5.Nc3 Qc7 6.Be2 a6 7.O-O Nf6 8.Be3 Be7
9.f4 d6 10.a4 O-O 11.Kh1 Bd7 12.Nb3 b6 13.Bf3 Rfe8 14.g4 Bc8 15.g5 Nd7 16.Bg2 Rb8
17.Rf3 Bf8 18.Rh3 g6 19.Qe1 Bg7 20.Qh4 Nf8 21.Rf1 Ne7 22.Qf2 Bd7 23.Rf3 b5
24.axb5 axb5 25.Bd4 b4 26.Bxg7 Kxg7 27.Nd1 Bb5 28.Re1 Bc6 29.Qd4+ e5 30.fxe5 dxe5
31.Qc4 Ne6 32.Nc5 Ng8 33.Na6 Qb7 34.Nxb8 Rxb8 35.Rg3 Rd8 36.c3 bxc3 37.Rxc3 Ne7
38.Rb3 Qd7 39.Ne3 Nxg5 40.Qc5 Qe6 41.Qc4 Rd4 42.Qxe6 Nxe6 43.Nf1 Nf4 44.Ng3 f5
45.Bf1 fxe4 46.Kg1 Nf5 47.Rc1 Bd5 48.Rc7+ Kh6 49.Nxf5+ gxf5 50.Rg3 Rd1 51.Rc2 Ng6
52.Rh3+ Kg7 53.Kf2 f4  0-1

[Event "Frauenbundesliga 2009-10"]
[Site "Germany GER"]
[Date "2009.12.06"]
[Round "4"]
[White "Weng,A"]
[Black "Hoolt,S"]
[Result "0-1"]
[WhiteElo "2162"]
[BlackElo "2235"]

1.e4 c5 2.Nf3 e6 3.d4 cxd4 4.Nxd4 Nc6 5.Nc3 Qc7 6.f4 a6 7.Be3 b5 8.Nxc6 Qxc6
9.Bd3 Bb7 10.a3 Bc5 11.Qe2 Rc8 12.O-O Nf6 13.Kh1 Bxe3 14.Qxe3 d5 15.exd5 Nxd5
16.Nxd5 Qxd5 17.Qh3 g6 18.Rae1 O-O 19.Re5 Qd4 20.c3 Qd6 21.Rfe1 Rfd8 22.R1e3 Rc5
23.Qg3 Rd5 24.Rxd5 Qxd5 25.h4 Qb3 26.Kh2 Kg7 27.f5 exf5 28.Qe5+ Kg8 29.Qf6 Qd5
30.Bf1 Qd6+ 31.Qxd6 Rxd6 32.Re8+ Kg7 33.Re7 Bd5 34.Be2 Re6 35.Rxe6 fxe6 36.a4 Bc4
37.axb5 axb5 38.Bd1 e5 39.Kg3 Kf6 40.Kf2 f4 41.Bc2 Bd5 42.Bd3 Bc6 43.Bf1 e4
44.Be2 Ke5 45.b3 Kd6 46.Bd1 e3+ 47.Kf1 Kc5 48.Bf3 Bxf3  0-1

[Event "Frauenbundesliga 2009-10"]
[Site "Germany GER"]
[Date "2009.12.06"]
[Round "4"]
[White "Saal,H"]
[Black "Stitterich,N"]
[Result "1-0"]
[WhiteElo "1695"]
[BlackElo "1956"]

1.e4 c5 2.Nf3 e6 3.d4 cxd4 4.Nxd4 Nc6 5.Nc3 Qc7 6.Be3 a6 7.g3 d6 8.Bg2 Bd7
9.O-O Nf6 10.f4 Be7 11.Nb3 O-O 12.g4 h6 13.h4 Nh7 14.g5 hxg5 15.hxg5 g6 16.Qg4 Kg7
17.Rf3 Rh8 18.Raf1 f5 19.exf5 exf5 20.Qg3 Be6 21.Nd4 Nd8 22.Re1 Bf7 23.Nxf5+ gxf5
24.Bd4+ Kg8 25.Bxh8 Kxh8 26.g6 Bxg6 27.Qxg6 d5 28.Rh3 Bc5+ 29.Kh1 Nc6 30.Qf6+ Qg7
31.Qxg7+ Kxg7 32.Nxd5 Rd8 33.Bf3  1-0

[Event "LXXV ch-BRA"]
[Site "Americana BRA"]
[Date "2009.12.07"]
[Round "7"]
[White "Matsuura,E"]
[Black "Leitao,R"]
[Result "1/2-1/2"]
[WhiteElo "2478"]
[BlackElo "2621"]

1.e4 c5 2.Nf3 Nc6 3.d4 cxd4 4.Nxd4 e6 5.Nc3 Qc7 6.Be2 a6 7.O-O Nf6 8.Be3 Be7
9.f4 d6 10.Qe1 O-O 11.Qg3 Nxd4 12.Bxd4 b5 13.a3 Bb7 14.Kh1 Rad8 15.Rad1 Bc6
16.Bf3 a5 17.e5 dxe5 18.fxe5 Bxf3 19.Qxf3 Nd5 20.Ne4 Qxc2 21.Rc1 Qa4 22.Rfd1 b4
23.b3 Qb5 24.Nf6+ Kh8 25.a4 Qb7 26.Rc4 gxf6 27.exf6 Bd6 28.Bb6 Qxb6 29.Rxd5 Bf4
30.Rxd8 Rxd8 31.Rxf4 Qd6 32.h3  1/2-1/2

[Event "London Classic FIDE Open"]
[Site "London ENG"]
[Date "2009.12.08"]
[Round "1"]
[White "Cork,D"]
[Black "Sinanan,J"]
[Result "0-1"]
[WhiteElo "1882"]
[BlackElo "2249"]

1.e4 c5 2.Nf3 e6 3.d4 cxd4 4.Nxd4 Nc6 5.Nc3 Qc7 6.Be3 a6 7.Bd3 Nf6 8.O-O Ne5
9.Be2 Bb4 10.f4 Nc6 11.Nxc6 bxc6 12.e5 Nd5 13.Nxd5 cxd5 14.c3 Be7 15.Bd4 g6
16.Qd3 a5 17.Qh3 Ba6 18.Bxa6 Rxa6 19.g4 Bc5 20.f5 Bxd4+ 21.cxd4 gxf5 22.Qh6 Qc4
23.Rfd1 Qe2 24.g5 Rg8 25.h4 Qg4+ 26.Kh1 Rc6 27.Qxh7 Qh3+  0-1

[Event "LXXV ch-BRA"]
[Site "Americana BRA"]
[Date "2009.12.09"]
[Round "9"]
[White "Fier,A"]
[Black "Leitao,R"]
[Result "1/2-1/2"]
[WhiteElo "2653"]
[BlackElo "2621"]

1.e4 c5 2.Nf3 e6 3.d4 cxd4 4.Nxd4 Nc6 5.Nc3 a6 6.Be3 Nf6 7.f4 Bb4 8.Bd3 d6
9.Nxc6 bxc6 10.O-O e5 11.h3 O-O 12.Qf3 exf4 13.Bxf4 Nd7 14.Qg3 Qe7 15.Nd1 Ne5
16.Ne3 Ng6 17.Bg5 f6 18.Nf5 Bxf5 19.exf5 Qe5 20.Qxe5 Nxe5 21.Bf4 Rfe8 22.Be2 d5
23.c3 Bc5+ 24.Kh1 a5 25.b3 Re7 26.Bg3 Nf7 27.Bh5 Ng5 28.Rac1 Ne4 29.Be1  1/2-1/2

[Event "LXXV ch-BRA"]
[Site "Americana BRA"]
[Date "2009.12.10"]
[Round "10"]
[White "Barreto Filho,C"]
[Black "Diamant,A"]
[Result "0-1"]
[WhiteElo "2277"]
[BlackElo "2493"]

1.e4 c5 2.Nf3 e6 3.d4 cxd4 4.Nxd4 Nc6 5.Nc3 Qc7 6.Be3 a6 7.Qd2 Nf6 8.O-O-O Be7
9.f3 O-O 10.g4 b5 11.g5 Ne8 12.h4 Ne5 13.Kb1 Bb7 14.Bd3 b4 15.Na4 d5 16.exd5 Bxd5
17.Rh3 Nd6 18.b3 Rab8 19.Bxa6 Ra8 20.Be2 Nec4 21.Bxc4 Nxc4 22.Qd3 Na3+ 23.Kb2 Bc4
24.Qe4 Bd5 25.Qd3 Rxa4 26.bxa4 Bc4 27.Qe4 Rc8 28.Bf4 Qd7 29.Rh2 Bd5 30.Qe1 Qxa4
31.Nb3 Nb5  0-1

[Event "London Classic FIDE Open"]
[Site "London ENG"]
[Date "2009.12.10"]
[Round "3"]
[White "Sagues,V"]
[Black "Quinn,Joh"]
[Result "1/2-1/2"]
[WhiteElo "1948"]
[BlackElo "2161"]

1.e4 c5 2.Nf3 e6 3.d4 cxd4 4.Nxd4 Nc6 5.Nc3 Qc7 6.Be3 a6 7.Bd3 Nf6 8.O-O h5
9.h3 b5 10.Nxc6 Qxc6 11.Be2 b4 12.e5 bxc3 13.exf6 cxb2 14.Rb1 Rb8 15.Qd4 Rg8
16.Bf3 Qb5 17.Rfd1 gxf6 18.Qxf6 Be7 19.Qd4 Qf5 20.Kh1 Bf6 21.Qa4 Qb5 22.Qf4 Qe5
23.Qa4 Qb5 24.Qf4 Qe5 25.Qa4 Qb5  1/2-1/2

[Event "London Classic FIDE Open"]
[Site "London ENG"]
[Date "2009.12.10"]
[Round "3"]
[White "Healey,M"]
[Black "Sinanan,J"]
[Result "1-0"]
[WhiteElo "2058"]
[BlackElo "2249"]

1.e4 c5 2.Nf3 e6 3.d4 cxd4 4.Nxd4 Nc6 5.Nc3 Qc7 6.Be2 a6 7.O-O Nf6 8.Kh1 Bb4
9.Bg5 Bxc3 10.Bxf6 gxf6 11.bxc3 Na5 12.Qd2 d6 13.Qh6 Ke7 14.Qd2 Bd7 15.f4 Rac8
16.Rf3 Rhg8 17.Rd1 b5 18.h3 Rgd8 19.Qe1 Bc6 20.Re3 Rg8 21.Bf3 Nc4 22.e5 d5
23.exf6+ Kd6 24.Nxe6 Qb6 25.Re5 fxe6 26.Rxe6+ Kc7 27.f7 Rgd8 28.Bxd5 Nd6
29.Qe5 Rd7 30.Re8  1-0

[Event "Commonwealth Open"]
[Site "Singapore SIN"]
[Date "2009.12.11"]
[Round "3"]
[White "Dole,A"]
[Black "Konguvel,P"]
[Result "0-1"]
[WhiteElo "2068"]
[BlackElo "2444"]

1.e4 c5 2.Nf3 e6 3.d4 cxd4 4.Nxd4 Nc6 5.Nc3 Qc7 6.Be3 a6 7.Qd2 Nf6 8.f3 h5
9.O-O-O Be7 10.h3 b5 11.Be2 h4 12.Nb3 Ne5 13.Qd4 d6 14.a3 Bd7 15.f4 Nc4 16.Bxc4 bxc4
17.Nd2 Rc8 18.e5 dxe5 19.fxe5 Nd5 20.Nde4 Nxe3 21.Qxe3 Qxe5 22.Qa7 Qc7 23.Qxa6 O-O
24.Nd6 Rb8 25.Nxc4 Bb5  0-1

[Event "Bundesliga 2009-10"]
[Site "Berlin GER"]
[Date "2009.12.12"]
[Round "5"]
[White "Kachibadze,Ge"]
[Black "Litwak,A"]
[Result "1-0"]
[WhiteElo "2239"]
[BlackElo "2290"]

1.e4 c5 2.Nf3 e6 3.d4 cxd4 4.Nxd4 Nc6 5.Nc3 Nf6 6.Ndb5 Bb4 7.e5 Nxe5 8.Bf4 d6
9.a3 Bxc3+ 10.Nxc3 O-O 11.Qd2 Nd5 12.Nxd5 exd5 13.Be2 Be6 14.O-O Rc8 15.Rac1 Nc4
16.Qd4 Qf6 17.Qxf6 gxf6 18.b3 Ne5 19.Be3 Nc6 20.Rfd1 d4 21.Bh6 Rfe8 22.Rd3 Kh8
23.Rg3 Rg8 24.Rxg8+ Kxg8 25.Rd1 Bf5 26.Rd2 Bg6 27.h4 Ne7 28.Bg4 Rxc2 29.Rxd4 Rc6
30.Bf4 Nf5 31.Rb4 Rb6 32.Rxb6 axb6 33.h5 Nd4 34.hxg6 fxg6 35.Bxd6 Kf7 36.Bc8 Nxb3
37.Bxb7 Ke6 38.Bb4 Nd4 39.Kf1 h5 40.Ke1 g5 41.Kd2 g4 42.Kd3  1-0

[Event "Bundesliga 2009-10"]
[Site "Hamburg GER"]
[Date "2009.12.12"]
[Round "5"]
[White "Hracek,Z"]
[Black "Bellon Lopez,JuM"]
[Result "1/2-1/2"]
[WhiteElo "2606"]
[BlackElo "2430"]

1.e4 c5 2.Nf3 e6 3.d4 cxd4 4.Nxd4 Nc6 5.Nc3 Qc7 6.g3 a6 7.Bg2 Nf6 8.O-O Bc5
9.Nxc6 dxc6 10.Na4 Ba7 11.c4 h5 12.c5 h4 13.Bd2 hxg3 14.hxg3 e5 15.Bc3 Bh3
16.Bxh3 Rxh3 17.Kg2 Rh8 18.Qf3 Qe7 19.Rh1 O-O-O 20.Qf5+ Nd7 21.b4 f6 22.Rxh8 Rxh8
23.Rd1 Qf7 24.Bxe5 g6 25.Qxd7+ Qxd7 26.Rxd7 Kxd7 27.Bxf6 Rf8 28.e5 Ke6 29.Kf3 a5
30.bxa5 Bb8 31.Ke4 Bc7 32.Nb2 Bxa5 33.Nd3 Bd2 34.Nf4+ Bxf4 35.Kxf4 Ra8 36.Kg5 Rxa2
37.f4 Rg2 38.g4 Kf7 39.Bd8 Rg1 40.Bc7 Ke6 41.Bd6 Rg2 42.Bc7 Rg1 43.Bd6 Rg2  1/2-1/2

[Event "London Classic FIDE Open"]
[Site "London ENG"]
[Date "2009.12.12"]
[Round "6"]
[White "Phillips,William"]
[Black "Quinn,Joh"]
[Result "1/2-1/2"]
[WhiteElo "1998"]
[BlackElo "2161"]

1.e4 c5 2.Nf3 e6 3.d4 cxd4 4.Nxd4 Nc6 5.Nc3 Qc7 6.g3 a6 7.Bg2 Nf6 8.O-O Bc5
9.Nxc6 dxc6 10.Bg5 h5 11.Bxf6 gxf6 12.Qf3 Qe5 13.Rad1 Bd7 14.Na4 Ba7 15.h4 Rg8
16.Qd3 O-O-O 17.Kh2 Qa5 18.Qb3 Qc7 19.f4 Rg4 20.Rd3 b5 21.Nc3 c5 22.Qa3 a5
23.Rxd7 Rxd7 24.Nxb5 Qb6 25.c4 Bb8 26.Qc3 e5 27.Bh3 exf4 28.Bxg4 fxg3+ 29.Kh1 hxg4
30.Rxf6 Rd1+ 31.Kg2 Qd8 32.Qe3 Qd2+ 33.Qxd2 Rxd2+ 34.Kg1 Rxb2 35.Rxf7 Rxa2
36.h5 Be5 37.Na7+ Kd8 38.Nc6+ Ke8 39.Nxe5 Rh2 40.Ra7 Rxh5 41.Nxg4 Rh4 42.Nf6+ Kd8
43.Rxa5 Ke7 44.Nd5+ Kd6 45.Nc3 Rh2 46.Ra2 Rh8 47.Rg2 Ke5 48.Rxg3 Kd4 49.Nd1 Kxe4  1/2-1/2

[Event "TCh-NED 2009-10"]
[Site "Netherlands NED"]
[Date "2009.12.12"]
[Round "4"]
[White "Vedder,H"]
[Black "Koopmans,C"]
[Result "1-0"]
[WhiteElo "2364"]
[BlackElo "2163"]

1.e4 c5 2.Nf3 e6 3.Nc3 Nc6 4.d4 cxd4 5.Nxd4 Nf6 6.Be3 Bb4 7.Nxc6 bxc6 8.Bd3 O-O
9.O-O e5 10.f4 d5 11.fxe5 Bxc3 12.exf6 Bxf6 13.exd5 cxd5 14.c3 Be6 15.Qa4 Re8
16.Rae1 Rb8 17.Rf2 Rb7 18.Rxf6 gxf6 19.Qh4  1-0

[Event "TCh-NED 2009-10"]
[Site "Netherlands NED"]
[Date "2009.12.12"]
[Round "4"]
[White "Willemze,T"]
[Black "Goormachtigh,J"]
[Result "1-0"]
[WhiteElo "2391"]
[BlackElo "2230"]

1.e4 c5 2.Nf3 e6 3.d4 cxd4 4.Nxd4 Nc6 5.Nc3 Qc7 6.Be3 a6 7.Qd2 Nf6 8.O-O-O Be7
9.Nb3 d6 10.f4 O-O 11.Be2 b5 12.Bf3 Nd7 13.Rhe1 Nb6 14.Bxb6 Qxb6 15.Nd5 exd5
16.exd5 Bh4 17.g3 Ne7 18.gxh4 Nf5 19.h5 Bd7 20.Be4 Rac8 21.Qd3 Qf2 22.Kb1 g6
23.Rg1 Ne3 24.hxg6 Nxd1 25.gxh7+ Kh8 26.Qxd1 f5 27.Bf3 Rc4 28.Rg2 Qh4 29.Nd4 Qxf4
30.Qg1 Rcc8 31.Rg7 Rcd8 32.Qg6 Qe5 33.Rg8+  1-0

[Event "TCh-NED 2009-10"]
[Site "Netherlands NED"]
[Date "2009.12.12"]
[Round "4"]
[White "Van den Doel,E"]
[Black "Brandenburg,D"]
[Result "1/2-1/2"]
[WhiteElo "2592"]
[BlackElo "2480"]

1.e4 c5 2.Nf3 e6 3.d4 cxd4 4.Nxd4 Nc6 5.Nc3 Qc7 6.Be2 a6 7.O-O Nf6 8.Be3 Bb4
9.Na4 Be7 10.Nxc6 bxc6 11.Nb6 Rb8 12.Nxc8 Qxc8 13.Bd4 Qc7 14.e5 Nd5 15.b3 a5
16.g3 c5 17.Bb2 O-O 18.a4 Nb4 19.Re1 f6 20.Bb5 Nc6 21.Qd2 fxe5 22.Bxc6 Qxc6
23.Bxe5 Rb7 24.Qe2 Bf6 25.Rad1 Bxe5 26.Qxe5 c4 27.Qxa5 cxb3 28.cxb3 Rxb3
29.Qd2 Qxa4 30.Qxd7 Qxd7 31.Rxd7 Rb2 32.Rxe6 Rbxf2 33.Ree7 R2f7  1/2-1/2